000 00301 a2200133 4500
005 20250702070127.0
020 _a978-1509858026
082 _a658 ARA
100 _aARAMBURU,F.
245 _aHomeland,
260 _aParis,
_bHatier,
_c2006.
300 _avii; 592p:
_bGlossary ,
_c24cm.
942 _2ddc
_cBKS
999 _c6523
_d6523